Sống chết an lành

Saved in:
Bibliographic Details
Format: Book
Published: 2007
Tags: Add Tag
No Tags, Be the first to tag this record!
Institutions: Mạng thư viện Đại học Đà Nẵng
LEADER 00436nam a22001811a 4500
001 000040769
003 17064
005 20160412023354.0
008 160412s2007 000
082 |a N23127-30 
245 |a Sống chết an lành  |c Trần Bảo Ngọc 
260 |c 2007 
OWN |a LNN 
999 |a From the UDN01 
TYP |a Monograph 
980 |a Mạng thư viện Đại học Đà Nẵng